Carregant...
Advanced Mathematics for Engineers
| Autor principal: | |
|---|---|
| Format: | Printed Book |
| Publicat: |
Moscow
MIR
1975
|
| Matèries: |
| LEADER | 00425nam a22001457a 4500 | ||
|---|---|---|---|
| 082 | |a 510 |b MYS | ||
| 100 | |a Myskis,A.D | ||
| 245 | |a Advanced Mathematics for Engineers | ||
| 260 | |a Moscow |b MIR |c 1975 | ||
| 300 | |a 794 | ||
| 650 | |a Scalar | ||
| 650 | |a Vector | ||
| 942 | |c BK | ||
| 999 | |c 128405 |d 128401 | ||
| 952 | |0 0 |1 0 |4 0 |6 510_000000000000000_MYS |7 0 |8 NFIC |9 126812 |a SPAP |b SPAP |c GEN |d 2017-08-16 |l 0 |o 510 MYS |p SPAP1094 |r 2017-08-16 |w 2017-08-16 |y BK | ||